000 00600nam a2200241Ia 4500
005 20250425162413.0
008 250425s9999 xx 000 0 und d
020 _a9978225617
041 _aspa
082 _a305.898 66
245 0 _aCOMUNAS Y COMUNIDADES CON SISTEMAS DE ALBARRADAS: DESCRIPCIONES ETNOGRAFICAS
250 _a1A ED.
260 _aEcuador
_bABYA -YALA
_c2004
260 _aS.L.
300 _a527
650 _aALBARRADAS
650 _aCOMUNIDADES
650 _aECUADOR
650 _aETNOGRAFIA
650 _aPENINSULA DE SANTA ELENA
942 _c01
010 _a68971
999 _c228529
_d228529